All Theatrical Superhero Movies (1978-Present) - Statistics

General Stats
  • This quiz has been taken 61 times
    58 since last reset
  • The average score is 93 of 253
Answer Stats
Year Movie % Correct
2010 Super
98%
2025 Superman
98%
1989 Batman
95%
1995 Batman Forever
95%
2022 The Batman
95%
2011 Captain America: The First Avenger
90%
2012 The Avengers
90%
2002 Spider-Man
88%
2012 The Amazing Spider-Man
88%
2015 Avengers: Age of Ultron
86%
2019 Avengers: Endgame
86%
2018 Avengers: Infinity War
86%
2008 Iron Man
86%
2000 X-Men
86%
2010 Iron Man 2
83%
2017 Spider-Man: Homecoming
83%
2013 The Wolverine
83%
2017 Wonder Woman
83%
2005 Batman Begins
81%
2016 Doctor Strange
81%
2013 Iron Man 3
81%
2017 Justice League
81%
2013 Man of Steel
81%
2008 The Dark Knight
81%
2011 Thor
81%
2018 Black Panther
79%
2003 Hulk
79%
2017 Logan
79%
2004 Spider-Man 2
79%
2021 Spider-Man: No Way Home
79%
2008 The Incredible Hulk
79%
1992 Batman Returns
76%
2021 Black Widow
76%
2016 Deadpool
76%
2007 Spider-Man 3
76%
2019 Spider-Man: Far From Home
76%
1980 Superman II
76%
2022 Thor: Love and Thunder
76%
2013 Thor: The Dark World
76%
2015 Ant-Man
74%
1997 Batman and Robin
74%
2022 Black Panther: Wakanda Forever
74%
2016 Captain America: Civil War
74%
2018 Deadpool 2
74%
2021 Eternals
74%
2005 | 2015 Fantastic Four
74%
2012 The Dark Knight Rises
74%
2017 Thor: Ragnarok
74%
2016 X-Men: Apocalypse
74%
2018 Aquaman
71%
2025 Captain America: Brave New World
71%
2014 Captain America: The Winter Soldier
71%
2019 Captain Marvel
71%
2024 Deadpool and Wolverine
71%
2014 Guardians of the Galaxy
71%
2018 Spider-Man: Into the Spider-Verse
71%
1983 Superman III
71%
2014 The Amazing Spider-Man 2
71%
2023 The Flash
71%
2014 X-Men: Days of Future Past
71%
2009 X-Men Origins: Wolverine
71%
2018 Ant-Man and the Wasp
69%
2017 Guardians of the Galaxy Vol. 2
69%
2023 Guardians of the Galaxy Vol. 3
69%
2021 Shang-Chi and the Legend of the Ten Rings
69%
2020 Wonder Woman 1984
69%
2019 X-Men: Dark Phoenix
69%
2011 X-Men: First Class
69%
2006 X-Men: The Last Stand
69%
2003 Daredevil
67%
2023 Spider-Man: Across the Spider-Verse
67%
1984 Supergirl
67%
2006 Superman Returns
67%
2023 The Marvels
67%
2021 The Suicide Squad
67%
2023 Ant-Man and the Wasp: Quantumania
64%
2026 Avengers: Doomsday
64%
1998 Blade
64%
2019 Joker
64%
2016 Suicide Squad
64%
2025 Thunderbolts*
64%
2027 Avengers: Secret Wars
62%
2022 Doctor Strange in the Multiverse of Madness
60%
2007 Ghost Rider
60%
2019 Shazam!
60%
2018 Venom
60%
2016 Batman v. Superman: Dawn of Justice
57%
2007 Fantastic Four: Rise of the Silver Surfer
57%
2022 Black Adam
55%
2002 Blade II
55%
2004 Blade: Trinity
55%
1987 Superman IV: The Quest for Peace
55%
2025 The Fantastic Four: First Steps
55%
2021 Venom: Let There Be Carnage
55%
2005 Elektra
52%
2011 Green Lantern
52%
2024 Madame Web
52%
2022 Morbius
52%
2020 The New Mutants
52%
2024 Joker: Folie a Deux
50%
2026 Spider-Man: Brand New Day
50%
2004 The Punisher
50%
2023 Aquaman and the Lost Kingdom
48%
1986 Howard the Duck
48%
2024 Kraven the Hunter
48%
2023 Shazam! Fury of the Gods
48%
2024 Venom: The Last Dance
48%
2003 X-2: X-Men United
45%
2020 Birds of Prey
43%
2004 Catwoman
43%
1982 Swamp Thing
43%
2004 The Incredibles
43%
2011 Ghost Rider: Spirit of Vengeance
40%
2023 Blue Beetle
38%
2027 Spider-Man: Beyond the Spider-Verse
38%
2009 Watchmen
38%
2018 Incredibles 2
36%
2010 Kick-Ass
36%
2013 Kick-Ass 2
31%
1978 Superman: The Movie
31%
2004 | 2019 Hellboy
29%
2014 Big Hero 6
26%
2026 Supergirl: Woman of Tomorrow
26%
2026 Clayface
24%
2010 Megamind
24%
2008 Hancock
21%
2010 Jonah Hex
21%
2008 Punisher: War Zone
21%
2008 Superhero Movie
21%
1990 | 2014 Teenage Mutant Ninja Turtles
21%
2017 The Lego Batman Movie
21%
2007 Transformers
21%
2006 V for Vendetta
21%
2005 Constantine
19%
2019 Glass
19%
2008 Hellboy II: The Golden Army
19%
1997 Steel
19%
2027 The Batman: Part II
19%
1989 The Return of Swamp Thing
19%
2000 Unbreakable
19%
1993 Batman: Mask of the Phantasm
17%
2016 Split
17%
2018 Teen Titans GO! To the Movies
17%
2007 TMNT
17%
2019 Brightburn
14%
2018 Bumblebee
14%
2022 DC League of Super-Pets
14%
2005 Sky High
14%
2011 The Green Hornet
14%
2017 Transformers: The Last Knight
14%
2014 Birdman
12%
2012 Dredd
12%
2017 Power Rangers
12%
2010 RED
12%
2023 Teenage Mutant Ninja Turtles: Mutant Mayhem
12%
2016 Teenage Mutant Ninja Turtles: Out of the Shadows
12%
2010 The Losers
12%
2014 Transformers: Age of Extinction
12%
2023 Transformers: Rise of the Beasts
12%
2012 Chronicle
10%
1990 Darkman
10%
1995 Judge Dredd
10%
1997 Men in Black
10%
2002 Men in Black II
10%
1994 | 2024 The Crow
10%
2019 The Kitchen
10%
1996 The Phantom
10%
1994 The Shadow
10%
2011 Transformers: Dark of the Moon
10%
2024 Transformers One
10%
2009 Transformers: Revenge of the Fallen
10%
2020 We Can Be Heroes
10%
2009 Dragonball Evolution
7%
1980 Flash Gordon
7%
1999 Mystery Men
7%
2006 My Super Ex-Girlfriend
7%
1986 | 2025 Red Sonja
7%
2005 Sin City
7%
2020 Sonic the Hedgehog
7%
2003 The League of Extraordinary Gentlemen
7%
1991 The Rocketeer
7%
2007 Underdog
7%
2005 A History of Violence
5%
2019 Alita: Battle Angel
5%
2019 Code 8
5%
1984 Conan the Destroyer
5%
1993 Demolition Man
5%
2028 Dynamic Duo
5%
2024 Hellboy: The Crooked Man
5%
2011 I Am Number Four
5%
2017 Kingsman: The Golden Circle
5%
1987 | 2026 Masters of the Universe
5%
2012 Men in Black 3
5%
2019 Men in Black: International
5%
2009 Push
5%
2013 RED 2
5%
1987 | 2014 RoboCop
5%
1990 RoboCop 2
5%
1993 RoboCop 3
5%
2022 Secret Headquarters
5%
2014 Sin City: A Dame to Kill For
5%
2022 Sonic the Hedgehog 2
5%
2024 Sonic the Hedgehog 3
5%
2027 Sonic the Hedgehog 4
5%
1991 Teenage Mutant Ninja Turtles II: Secret of the Ooze
5%
1996 The Crow: City of Angels
5%
2000 The Crow: Salvation
5%
2005 The Crow: Wicked Prayer
5%
2018 The Darkest Minds
5%
2021 The King's Man
5%
2010 The Last Airbender
5%
2008 The Spirit
5%
2004 Thunderbirds
5%
2021 Thunder Force
5%
2006 Zoom
5%
2005 Aeon Flux
2%
1994 Blankman
2%
2020 Bloodshot
2%
1982 | 2011 Conan the Barbarian
2%
2021 Free Guy
2%
2017 Ghost in the Shell
2%
2013 G.I. Joe: Retaliation
2%
2009 G.I. Joe: The Rise of Cobra
2%
1999 Inspector Gadget
2%
2008 Jumper
2%
2014 Kingsman: The Secret Service
2%
1993 Last Action Hero
2%
2016 Max Steel
2%
2025 Novocaine
2%
2009 Paper Man
2%
2000 Pitch Black
2%
2001 Pootie Tang
2%
2013 Riddick
2%
2002 Road to Perdition
2%
2020 Secret Society of Second Born Royals
2%
2005 Serenity
2%
2004 Sky Captain and the World of Tomorrow
2%
1993 Teenage Mutant Ninja Turtles III: Turtles in Time
2%
2004 The Chronicles of Riddick
2%
2024 Argylle
0%
2009 Shorts
0%
2021 Snake Eyes: G.I. Joe Origins
0%
2007 Stardust
0%
1995 Tank Girl
0%
2005 The Adventures of Sharkboy and Lavagirl in 3-D
0%
No matching quizzes found
Score Distribution
Percent of People with Each Score
Percentile by Number Answered
Your Score History
You have not taken this quiz since the last reset